000 00603nam a2200181Ia 4500
008 090123s9999 xx 000 0 und d
082 _b18596
100 _aगोडबोले अरुण
245 _aअजिंक्यतारा ते आतस
250 _a1
260 _bकौशिक प्रकाशन
_c1988
300 _a316
600 _aगोडबोले अरुण
630 _aअजिंक्यतारा ते आतस
700 _aगोडबोले अरुण
730 _aअजिंक्यतारा ते आतस
942 _cBOOK
999 _c56659
_d56659